000 00563nam a2200181Ia 4500
008 090123s9999 xx 000 0 und d
082 _b4706
100 _aमाडगुळकर ग.दी.
245 _aमंतरलेले दिवस
250 _a0
260 _bसाधना प्रेस
_c1977
300 _a140
600 _aमाडगुळकर ग.दी.
630 _aमंतरलेले दिवस
700 _aमाडगुळकर ग.दी.
730 _aमंतरलेले दिवस
942 _cBOOK
999 _c42781
_d42781